[Event "Trophee Roza Lallemand Online"]
[Site "Tornelo INT"]
[Date "2020.12.13"]
[Round "5"]
[White "Adrian, Louise"]
[Black "Hamm, Gabrielle"]
[Result "1-0"]
[WhiteElo "1575"]
[BlackElo "1372"]
[PlyCount "59"]
[EventDate "2020.12.13"]
[EventType "swiss (rapid)"]
[EventRounds "9"]
[EventCountry "USA"]
[SourceTitle "EXT 2022"]
[Source "ChessBase"]
[SourceDate "2021.10.06"]
[SourceVersion "1"]
[SourceVersionDate "2021.10.06"]
[SourceQuality "1"]

1. c4 e5 2. Nc3 Nc6 3. g3 Bb4 4. Bg2 Bxc3 5. dxc3 f5 6. Nf3 Nf6 7. 0-0 0-0 8. Bg5 d6 9. c5 Be6 10. cxd6 cxd6 11. Qc2 Qe8 12. Rfd1 d5 13. b4 e4 14. Nd4 Nxd4 15. Rxd4 Ng4 16. h3 Qg6 17. hxg4 Qxg5 18. c4 fxg4 19. cxd5 Qf6 20. e3 Bf5 21. d6 Rac8 22. Qd2 Rcd8 23. Rc1 Rd7 24. Rc7 Rfd8 25. a3 Rxd6 26. Rxd6 Rxd6 27. Qc2 Qa1+ 28. Bf1 Rd1 29. Qc4+ Kf8 30. Qf7# 1-0

[Event "Trophee Roza Lallemand Online"]
[Site "Tornelo INT"]
[Date "2020.12.13"]
[Round "2"]
[White "Barrast, Catherine"]
[Black "Adrian, Louise"]
[Result "0-1"]
[WhiteElo "1414"]
[BlackElo "1575"]
[PlyCount "76"]
[EventDate "2020.12.13"]
[EventType "swiss (rapid)"]
[EventRounds "9"]
[EventCountry "USA"]
[SourceTitle "EXT 2022"]
[Source "ChessBase"]
[SourceDate "2021.10.06"]
[SourceVersion "1"]
[SourceVersionDate "2021.10.06"]
[SourceQuality "1"]

1. e4 c5 2. Nf3 g6 3. d4 cxd4 4. Nxd4 Bg7 5. Nc3 Nc6 6. g3 Nxd4 7. Be3 Nc6 8. Bg2 Nf6 9. 0-0 0-0 10. Qd3 e6 11. Rad1 Nb4 12. Qd2 Ng4 13. Bg5 f6 14. Bf4 e5 15. Be3 Nxe3 16. Qxe3 Nxc2 17. Qd2 Nb4 18. a3 Nc6 19. Nd5 Nd4 20. Qc3 b6 21. Qc4 Kh8 22. Rc1 Bb7 23. Rc3 Rc8 24. Qb4 Ne2+ 25. Kh1 Nxc3 26. Nxc3 Ba6 27. Rc1 Rc4 28. Qd6 Rd4 29. Nd5 Rd2 30. Qb4 Rxf2 31. Ne3 Bh6 32. Ng4 Rxg2 33. Kxg2 Bxc1 34. Qa4 d5 35. Qxa6 dxe4 36. Qe2 Qd5 37. a4 e3+ 38. Kf1 Qh1# 0-1

[Event "Monastir Belkadhi op (Women)"]
[Site "Monastir"]
[Date "2014.05.06"]
[Round "6"]
[White "Adrian, Louise"]
[Black "Marzouk, Amira"]
[Result "1-0"]
[WhiteElo "1458"]
[BlackElo "1655"]
[PlyCount "139"]
[EventDate "2014.05.03"]
[EventType "swiss"]
[EventRounds "9"]
[EventCountry "TUN"]
[SourceTitle "EXT 2016"]
[Source "ChessBase"]
[SourceDate "2015.10.08"]
[SourceVersion "1"]
[SourceVersionDate "2015.10.08"]
[SourceQuality "1"]

1. d4 Nf6 2. c4 e5 3. d5 Bc5 4. Nc3 0-0 5. h3 d6 6. e4 Nbd7 7. Bd3 Bb4 8. Nge2 Nc5 9. Bg5 h6 10. Bxf6 Qxf6 11. 0-0 Qg6 12. Ng3 h5 13. Kh2 h4 14. Nge2 Nxd3 15. Qxd3 f5 16. f4 fxe4 17. Qxe4 Bf5 18. Qe3 Bc5 19. Qd2 Rae8 20. fxe5 Rxe5 21. Nd4 Qg3+ 22. Kh1 Bxd4 23. Qxd4 Bxh3 24. Rxf8+ Kxf8 25. Qg1 Rg5 26. Rf1+ Kg8 27. Rf2 Bf5 28. Rf3 Qg4 29. Qh2 Qxc4 30. Rf4 Qd3 31. Qxh4 Rg6 32. Qf2 Rf6 33. Rf3 Qc2 34. Qxc2 Bxc2 35. Rxf6 gxf6 36. Nb5 Be4 37. Nc3 Bd3 38. a3 f5 39. g3 Kf7 40. Kg2 Kf6 41. Kf3 Ke5 42. Ke3 Bc4 43. a4 a6 44. a5 Bb3 45. Ne2 Bxd5 46. Nf4 Bf7 47. Nd3+ Kd5 48. Kf4 Be6 49. Ke3 Kc4 50. Nf4 Bf7 51. Nd3 d5 52. Ne5+ Kc5 53. Nxf7 d4+ 54. Kd3 Kd5 55. Nh6 Ke5 56. Nf7+ Kd5 57. Nd8 b6 58. axb6 cxb6 59. Nf7 b5 60. Ng5 Ke5 61. Nf3+ Kf6 62. Nxd4 Kg5 63. Kc3 f4 64. gxf4+ Kxf4 65. Nb3 Ke4 66. Nc5+ Kd5 67. Nxa6 Kc6 68. Nb4+ Kc5 69. Nd3+ Kb6 70. Kb4 1-0

[Event "Guernsey Holiday op 39th"]
[Site "Guernsey"]
[Date "2013.10.24"]
[Round "5"]
[White "Adrian, Louise"]
[Black "Hoogakker, Peter"]
[Result "0-1"]
[WhiteElo "1403"]
[BlackElo "1763"]
[PlyCount "68"]
[EventDate "2013.10.20"]
[EventType "swiss"]
[EventRounds "7"]
[EventCountry "GCI"]
[SourceTitle "EXT 2022"]
[Source "ChessBase"]
[SourceDate "2021.10.06"]
[SourceVersion "1"]
[SourceVersionDate "2021.10.06"]
[SourceQuality "1"]

1. d4 d6 2. c4 Nf6 3. Nc3 Nbd7 4. e4 e5 5. d5 h6 6. Bd3 Be7 7. Nge2 Nf8 8. 0-0 g5 9. Ng3 Ng6 10. Bc2 Nf4 11. b3 h5 12. b4 Bg4 13. Ba4+ Kf8 14. f3 Bc8 15. Nge2 Rg8 16. Nxf4 gxf4 17. Kh1 h4 18. Qe2 Nh5 19. Nd1 Ng3+ 20. hxg3 hxg3 21. Kg1 Bf6 22. Qc2 Bh8 23. Nf2 gxf2+ 24. Rxf2 Bf6 25. Kf1 Bh4 26. Re2 Bg3 27. Rd2 Qh4 28. Ke2 Be1 29. Kd3 Bxd2 30. Qxd2 Qh2 31. Ba3 Rxg2 32. Qe1 Qg3 33. Qf1 Rf2 34. Qg1 Qxf3# 0-1

[Event "Figueres op 12th"]
[Site "Figueres"]
[Date "2011.08.14"]
[Round "5"]
[White "Puig Carres, Josep"]
[Black "Adrian, Louise"]
[Result "1-0"]
[WhiteElo "1838"]
[BlackElo "1365"]
[PlyCount "45"]
[EventDate "2011.08.11"]
[EventType "swiss"]
[EventRounds "9"]
[EventCountry "ESP"]
[SourceTitle "CBM 143 Extra"]
[Source "ChessBase"]
[SourceDate "2011.08.29"]
[SourceVersion "1"]
[SourceVersionDate "2011.08.29"]
[SourceQuality "1"]

1. c4 c5 2. Nc3 Nc6 3. g3 Nf6 4. Bg2 g6 5. Nf3 Bg7 6. 0-0 0-0 7. d3 d5 8. cxd5 Nxd5 9. Nxd5 Qxd5 10. Ng5 Qe5 11. Rb1 Bg4 12. Re1 Rad8 13. Bf4 Qf6 14. Ne4 Qf5 15. Ng5 c4 16. Be4 Qb5 17. a4 Qa6 18. Qc2 Rd4 19. b4 b5 20. Be3 cxd3 21. Qxc6 Qxc6 22. Bxc6 Rc4 23. Bxb5 1-0

[Event "Figueres op 12th"]
[Site "Figueres"]
[Date "2011.08.13"]
[Round "3"]
[White "Adrian, Louise"]
[Black "Lazaro Porta, Angel"]
[Result "1-0"]
[WhiteElo "1365"]
[BlackElo "1970"]
[PlyCount "87"]
[EventDate "2011.08.11"]
[EventType "swiss"]
[EventRounds "9"]
[EventCountry "ESP"]
[SourceTitle "CBM 143 Extra"]
[Source "ChessBase"]
[SourceDate "2011.08.29"]
[SourceVersion "1"]
[SourceVersionDate "2011.08.29"]
[SourceQuality "1"]

1. e4 e5 2. Nc3 Nf6 3. f4 d5 4. fxe5 Nxe4 5. d3 Qh4+ 6. g3 Nxg3 7. Nf3 Qh5 8. Nxd5 Na6 9. Nf4 Qh6 10. Ne2 Nxh1 11. Bxh6 gxh6 12. Bg2 Nf2 13. Kxf2 Bg4 14. Qd2 0-0-0 15. Kg1 Rg8 16. Kh1 Nc5 17. Qa5 Kb8 18. Rg1 Rg6 19. b4 Ra6 20. Qb5 Rb6 21. Qc4 Rxb4 22. Qxf7 Be6 23. Qf6 Re8 24. Nfd4 Bxa2 25. Rf1 Be7 26. Qxh6 Rb6 27. Qxh7 a6 28. Bf3 Bd8 29. Nf4 Rb4 30. Nde2 Ra4 31. Nd5 Bxd5 32. Bxd5 Rh4 33. Qg7 Be7 34. Nf4 c6 35. Ba2 Bd8 36. Ng6 Rg4 37. Rg1 Ra4 38. Bf7 Re7 39. Nxe7 Bxe7 40. Qg8+ Ka7 41. e6 Bf6 42. Re1 Bc3 43. Rf1 Rh4 44. e7 1-0

[Event "FRA-chT U20 0809"]
[Site "Sautron"]
[Date "2009.01.04"]
[Round "7.7"]
[White "Adrian, Louise"]
[Black "Beneteau Desmoulieres, Mael"]
[Result "1-0"]
[WhiteElo "1260"]
[BlackElo "1180"]
[PlyCount "63"]
[EventDate "2008.10.??"]
[EventType "team-tourn"]
[EventRounds "11"]
[EventCountry "FRA"]
[SourceTitle "EXT 2010"]
[Source "ChessBase"]
[SourceDate "2010.11.25"]
[SourceVersion "1"]
[SourceVersionDate "2010.11.25"]
[SourceQuality "1"]

1. e4 e5 2. Nc3 Nf6 3. f4 Nc6 4. fxe5 Nxe5 5. d4 Nc6 6. e5 Nd5 7. Nf3 d6 8. Nxd5 Be6 9. Nc3 dxe5 10. d5 Ne7 11. dxe6 Nc6 12. exf7+ Kxf7 13. Qxd8 Rxd8 14. Bb5 Rd6 15. Bc4+ Ke8 16. 0-0 Rg6 17. Bd2 Bc5+ 18. Kh1 Rf8 19. Rfe1 Rff6 20. h3 Bd6 21. Nd5 Rf5 22. Bb5 Kd7 23. Bxc6+ bxc6 24. Nc3 Rff6 25. Nh2 Rf1+ 26. Nxf1 Rh6 27. Bxh6 gxh6 28. Re4 Bc5 29. Rg4 Ke6 30. Ne4 Kd5 31. Nxc5 Kxc5 32. Rg7 1-0